LEADER 01055nam a2200265 4500 001 000000337516 003 CaOOAMICUS 005 20191205172945.0 008 191025s2008 it 000 u ita r 020 $a978-88-430-2114-7 040 $aSeMil$bita 100 1 $aDe Leo, Gaetano.$0(OLS)http://semarc/name/62234 245 10$aPsicologia della devianza /$cGaetano De Leo, Patrizia Patrizi. 250 $a6. rist. 264 1$aRoma :$bCarocci,$c2008. 300 $a127 p. ;$c21 cm 650 4$aDevianza.$0(OLS)http://semarc/subject/17457 700 1 $aPatrizi, Patrizia,$ecollaboratore.$0(OLS)http://semarc/name/110410 830 3$aLe bussole ;$v37.$0(OLS)http://semarc/title/13660 850 $aSeMil 852 $aSeMil$W1$xVenegono$y1$m2O II 524$j218061$B230078$CSeMilBibl$Z2$F230078 $81 996 $6020$a978-88-430-2114-7$9(OLS)http://semarc/number/289030 996 $6245$aPsicologia della devianza$9(OLS)http://semarc/title/426504 996 $6264$aRoma :$bCarocci$9(OLS)http://semarc/publisher/31977 LEADER 00667nam a2200169 i 4500 001 000000033768 003 CaOOAMICUS 005 20180830125450.0 008 180830n it u000 u ita u 040 $aSeMil$bita 245 14$aUno spazio sacro del dopoconcilio. 260 $aMessina :$b[s.n.],$c1992?$e(Palermo :$fNuova Graphicadue,$g1992?) 300 $a2 v. ;$c34 cm. 650 4$aPaternò.$0(OLS)http://semarc/subject/44905 774 0 $tChiesa parrocchiale San Francesco dell'Annunziata di Paternò.$gVolume2$w()79828 996 $6245$aUno spazio sacro del dopoconcilio$9(OLS)http://semarc/title/402265 996 $6260$aMessina :$b[s.n.]$9(OLS)http://semarc/publisher/30735